• 首页
  • 本馆介绍
  • 公告通知
  • 最新文献
  • 馆藏检索
  • 电子资源
  • 读者导购
  • 参考咨询
  • 我的图书馆
  • 登录
  • 详细信息显示
  • 放入我的书架
  • 预约/预借图书
  • 作者相关作品
  • 分类相关作品
  • 丛书相关作品
  • 出版社相关作品

书目信息

  • 表格格式
  • 工作单格式
  • 卡片格式
题名:
现代中国
    
 
作者: 陈平原 主编
分册: 第八辑  
出版信息: 北京   北京大学出版社  2007
页数: 301页
开本: 25cm
丛书名:
单 册:
中图分类: K270.7
科图分类:
主题词: 社会科学--文集 , 中国--现代史--1949~
电子资源:
ISBN: 978-7-301-11517-6
000 00856nam0 2200241 450
001 1238898884
005 20121007104905.26
010    @a978-7-301-11517-6@dCNY30.00
100    @a20070226d2007 em y0chiy50 ea
101 0  @achi
102    @aCN@b110000
105    @ay z 000yy
200 1  @a现代中国@Axian dai zhong guo@h第八辑@f陈平原主编
210    @a北京@c北京大学出版社@d2007
215    @a301页@d25cm
304    @a英文共同题名:Studies of modern China
330    @a本书包括论文、演讲、书评三个部分,收录了《重溯中国精神分析学的历史轨迹》、《“城市文化研究”视野中的北京》、《晚清报刊与妇女史研究——读夏晓红〈晚清女性与近代中国〉》等文章。
606 0  @a社会科学@j文集
606 0  @a中国@x现代史@z1949~
690    @aK270.7@v4
701  0 @a陈平原@Achen ping yuan@f(1954~)@4主编
801  0 @aCN@bNLC@c20101222
905    @a10447@dK270.7@eJY17
    
    现代中国.第八辑/陈平原主编.-北京:北京大学出版社,2007
    301页;25cm
    
    
    ISBN 978-7-301-11517-6:CNY30.00
    本书包括论文、演讲、书评三个部分,收录了《重溯中国精神分析学的历史轨迹》、《“城市文化研究”视野中的北京》、《晚清报刊与妇女史研究——读夏晓红〈晚清女性与近代中国〉》等文章。
●
相关链接 在E读中查询图书 在五车中查询图书 在当当中查询图书 在豆瓣中查询图书


正题名:现代中国     索取号:K270.7/JY17         预约/预借

序号 登录号 条形码 馆藏地/架位号 状态 备注
1 7832370   278323707   学院路分馆/ [索取号:K270.7/JY17] 在馆    
2 7832371   278323716   学院路分馆/ [索取号:K270.7/JY17] 在馆    
唐山师范学院图书馆 欢迎您!
大连网信软件有限公司© 版权所有